Plus Beaux Villages de France par images #8 - Statistiques

Statistiques générales
  • Ce quiz a été pris 12 fois
  • Le résultat moyen est 2 sur 16
Statistiques - réponses
Par images Hint Réponse % Correct
Alpes-de-Haute-Provence (04) Moustiers-Sainte-Marie
38%
Vaucluse (84) Roussillon
38%
Pyrénées-Orientales (66) Villefranche-de-Conflent
38%
Aveyron (12) Conques
25%
Haute-Loire (43) Arlempdes
13%
Lot (46) Autoire
13%
Puy-de-Dôme (63) Montpeyroux
13%
Yonne (89) Noyers
13%
Jura (39) Baume-les-Messieurs
0%
Var (83) Cotignac
0%
Indre-et-Loire (37) Crissay-sur-Manse
0%
Pyrénées-Atlantiques (64) La Bastide-Clairence
0%
Charente-Maritime (17) Mornac-sur-Seudre
0%
Haute-Saône (70) Pesmes
0%
Gers (32) Sarrant
0%
Ardèche (07) Vogüé
0%
Aucun quiz correspondant
Distribution des résultats
% des personnes avec chaque résultat
Percentile par nombre de réponses
Votre historique - résultats
Vous n’avez pas pris ce quiz